Area

Gespeichert in:
Bibliographische Detailangaben
Format: Schriftenreihe
Sprache:Englisch
Veröffentlicht: London Institute of British Geographers
Tags: Tag hinzufügen
Keine Tags, Fügen Sie das erste Tag hinzu!

MARC

LEADER 00000nas1a2200000 4500
001 0006875
005 20250701092107.6
022 |a 0004-0894 
022 |a 1475-4762 
041 0 |a eng 
044 |a GB 
245 1 0 |a Area 
264 1 |a London  |b Institute of British Geographers